Statistics for Square Numbers 1-100

Click here to take the quiz!

General Stats

  • This quiz has been taken 8 times
  • The average score is 47 of 100

Answer Stats

NumberSquare% Correct
11
100%
10100
100%
11121
100%
12144
100%
416
100%
13169
100%
525
100%
636
100%
24
100%
749
100%
864
100%
981
100%
39
100%
14196
88%
15225
88%
16256
75%
20400
75%
25625
75%
30900
75%
10010000
63%
401600
63%
17289
63%
18324
63%
19361
63%
21441
63%
22484
63%
24576
63%
29841
63%
31961
63%
331089
50%
341156
50%
361296
50%
381444
50%
502500
50%
603600
50%
704900
50%
23529
50%
806400
50%
26676
50%
27729
50%
28784
50%
908100
50%
351225
38%
371369
38%
391521
38%
411681
38%
492401
38%
512601
38%
593481
38%
613721
38%
694761
38%
715041
38%
796241
38%
816561
38%
897921
38%
918281
38%
999801
38%
321024
25%
421764
25%
431849
25%
441936
25%
452025
25%
462116
25%
472209
25%
482304
25%
522704
25%
532809
25%
542916
25%
553025
25%
563136
25%
573249
25%
583364
25%
623844
25%
633969
25%
644096
25%
654225
25%
664356
25%
674489
25%
684624
25%
725184
25%
735329
25%
745476
25%
755625
25%
765776
25%
775929
25%
786084
25%
826724
25%
836889
25%
847056
25%
857225
25%
867396
25%
877569
25%
887744
25%
928464
25%
938649
25%
948836
25%
959025
25%
969216
25%
979409
25%
989604
25%

Score Distribution

Percentile by Number Answered

Percent of People with Each Score

Your Score History

You have not taken this quiz